Obra gubernativa y epistolario de Bolívar / (Record no. 8346)

000 -CABECERA
fixed length control field 01309nam a22003017a 4500
003 - IDENTIFICADOR DEL NÚMERO DE CONTROL
control field AR-CdUCM
008 - DATOS DE LONGITUD FIJA--INFORMACIÓN GENERAL
fixed length control field 190325b ||||| |||| 00| 0 spa d
040 ## - FUENTE DE LA CATALOGACIÓN
Agencia/entidad que catalogó originalmente la obra MUNICIPALIDAD PROVINCIAL DEL CUSCO
Entidad que transcribió la catalogación BIBLIOTECA MUNICIPAL DEL CUSCO
082 ## - NÚMERO DE LA CLASIFICACIÓN DECIMAL DEWEY
No. de Clasificación 985.008 /
Notacion interna C73
100 ## - ENTRADA PRINCIPAL--NOMBRE DE PERSONA
Nombre Personal Comisión nacional del Sesquicentenario de la Independencia del Perú
245 ## - MENCIÓN DE TÍTULO
Título Obra gubernativa y epistolario de Bolívar /
260 ## - PUBLICACIÓN, DISTRIBUCIÓN, ETC.
Lugar de publicación, distribución, etc. Lima :
Nombre de la editorial, distribuidor, etc. Comisión nacional del Sesquicentenario de la Independencia del Perú,
Fecha de publicación, distribución, etc. 1975.
300 ## - DESCRIPCIÓN FÍSICA
Nº de Páginas Extensión 4 volúmenes ;
Dimensiones 24 cm.
440 ## - MENCIÓN DE SERIE/PUNTO DE ACCESO ADICIONAL--TÍTULO
Título Colección documental de la independencia del Perú
9 (RLIN) 21856
505 ## - NOTA DE CONTENIDO CON FORMATO
Nota de contenido formateada Contenido: V.1: Legislación 1823-1825 -- V.2: Legislación de 1826 -- V.3: Libro de decretos 1824 -- V.4: El congreso de Panamá.
650 ## - PUNTO DE ACCESO ADICIONAL DE MATERIA--TÉRMINO DE MATERIA
Descriptor Colección
9 (RLIN) 2826
650 ## - PUNTO DE ACCESO ADICIONAL DE MATERIA--TÉRMINO DE MATERIA
Descriptor Independencia peruana
9 (RLIN) 23196
650 ## - PUNTO DE ACCESO ADICIONAL DE MATERIA--TÉRMINO DE MATERIA
Descriptor Libro de decretos
9 (RLIN) 23432
650 ## - PUNTO DE ACCESO ADICIONAL DE MATERIA--TÉRMINO DE MATERIA
Descriptor Legislación 1823-1826
9 (RLIN) 23433
650 ## - PUNTO DE ACCESO ADICIONAL DE MATERIA--TÉRMINO DE MATERIA
Descriptor Documental
9 (RLIN) 23434
700 ## - PUNTO DE ACCESO ADICIONAL--NOMBRE DE PERSONA
Nombre Personal Denegri Luna, Félix (edición)
9 (RLIN) 23435
700 ## - PUNTO DE ACCESO ADICIONAL--NOMBRE DE PERSONA
Nombre Personal Porras Barrenechea, Raúl (recopilación y prólogo)
9 (RLIN) 23436
700 ## - PUNTO DE ACCESO ADICIONAL--NOMBRE DE PERSONA
Nombre Personal Durand Flórez, Guillermo (edición)
9 (RLIN) 23437
700 ## - PUNTO DE ACCESO ADICIONAL--NOMBRE DE PERSONA
Nombre Personal Rosas Siles, Alberto (edición)
9 (RLIN) 23438
700 ## - PUNTO DE ACCESO ADICIONAL--NOMBRE DE PERSONA
Nombre Personal Guerra, Margarita (colaboración)
9 (RLIN) 23439
942 ## - ELEMENTOS DE PUNTO DE ACCESO ADICIONAL (KOHA)
Fuente de clasificación
Tipo de item Libros-BMC
945 ## - PROCESAMIENTO DE INFORMACIÓN LOCAL (OCLC)
Catalogador davv
Holdings
Estado de retiro (separado) Fuente de clasificación o esquema de estanterías Estado dañado Ubicación Sala donde se ubica Nombre de la colección Fecha de adquisición o compra Costo, precio normal en soles Signatura topográfica Código de Barras Última vez visto (Koha) Tipo de ítem (Koha) Número de Ejemplar
No     Sala Humanidades Sala Humanidades Reference 2019-03-25 80.00 985.008 / C73 / t.14 / v.1 SH0000009129 2019-03-25 Libros-BMC  
No     Sala Humanidades Sala Humanidades Reference 2019-03-25 80.00 985.008 / C73 / t.14 / v.2 SH0000009130 2019-03-25 Libros-BMC  
No     Sala Humanidades Sala Humanidades Reference 2019-03-25 80.00 985.008 / C73 / t.14 / v.3 SH0000009131 2019-03-25 Libros-BMC  
No     Sala Humanidades Sala Humanidades Reference 2019-03-25 80.00 985.008 / C73 / t.14 / v.4 SH0000009132 2019-03-25 Libros-BMC  
No     Sala Humanidades Sala Humanidades Reference 2019-03-25 80.00 985.008 / C73 / t.14 / v.4 / e.2 SH0000009133 2019-03-25 Libros-BMC e.2
No     Sala Humanidades Sala Humanidades Reference 2019-03-25 80.00 985.008 / C73 / t.14 / v.4 / e.3 SH0000009134 2019-03-25 Libros-BMC e.3
No     Sala Humanidades Sala Humanidades Reference 2019-03-25 80.00 985.008 / C73 / t.14 / v.3 / e.2 SH0000009135 2019-03-25 Libros-BMC e.2
No     Sala Humanidades Sala Humanidades Reference 2019-03-25 80.00 985.008 / C73 / t.14 / v.2 / e.2 SH0000009136 2019-03-25 Libros-BMC e.2
No     Sala Humanidades Sala Humanidades Reference 2019-03-25 80.00 985.008 / C73 / t.14 / v.2 / e.3 SH0000009137 2019-03-25 Libros-BMC e.3
No     Sala Humanidades Sala Humanidades Reference 2019-03-25 80.00 985.008 / C73 / t.14 / v.1 / e.2 SH0000009138 2019-03-25 Libros-BMC e.2
No     Sala Humanidades Sala Humanidades Reference 2019-03-25 80.00 985.008 / C73 / t.14 / v.1 / e.3 SH0000009148 2019-03-25 Libros-BMC e.3
No     Sala Humanidades Sala Humanidades Reference 2019-03-25 80.00 985.008 / C73 / t.14 / v.3 / e.3 SH0000009389 2019-03-25 Libros-BMC e.3

Powered by Koha